Poésies, Tome II
Պահպանված է:
| Հիմնական հեղինակ: | |
|---|---|
| Ձևաչափ: | Գիրք |
| Լեզու: | ֆրանսերեն |
| Հրապարակվել է: |
París
Delangle Frères, Éditeurs-Libraires
1828
|
| Հրատարակություն: | 1a. ed |
| Շարք: | Oeuvres complètes de Voltaire, 16
|
| Խորագրեր: | |
| Ցուցիչներ: |
Ավելացրեք ցուցիչ
Չկան պիտակներ, Եղեք առաջինը, ով նշում է այս գրառումը!
|
MARC
| LEADER | 00000nam a2200000 a 4500 | ||
|---|---|---|---|
| 001 | UCJ7470 | ||
| 003 | CL-VaPUC | ||
| 008 | 070124e18280000FR |||||||||||||||||fre|d | ||
| 082 | 0 | 4 | |a 848 |b VOL |2 21 |
| 100 | 0 | |a Voltaire, François Marie Arouet de |e author |9 515910 | |
| 245 | 1 | 0 | |a Poésies, Tome II |
| 246 | 1 | 0 | |a Discours en vers sur l'Homme |
| 246 | 1 | 0 | |a Défense du mondain, ou l'apologie du luxe |
| 246 | 1 | 3 | |a Le Pauvre Diable |
| 250 | |a 1a. ed | ||
| 300 | |a 471 p | ||
| 942 | |c BK | ||
| 945 | |d 20070124 00:00:00 |a rinostro | ||
| 260 | |a París |b Delangle Frères, Éditeurs-Libraires |c 1828 | ||
| 500 | |a Se encuentra ubicado en la Sala Emilio Tagle C. | ||
| 650 | 0 | |a Poesía francesa |9 264947 | |
| 650 | 0 | |a Crítica literaria |9 269189 | |
| 583 | |a last modification |c 20070124 00:00:00 |k Rodrigo Vera | ||
| 490 | 0 | |a Oeuvres complètes de Voltaire, 16 | |
| 999 | |c 323554 |d 323552 | ||
| 952 | |0 0 |1 0 |4 0 |6 848_000000000000000_VOL_1828 |7 0 |8 X |9 403241 |a FDOBUD |b FDOBUD |d 2019-11-22 |i 1064185 |o 848 VOL 1828 |p 1064185 |r 2019-11-22 |w 2019-11-22 |y BK_X |k BUD | ||